Neznáme príbehy úspešných značiek prečo chodíme denne 10 000 krokov, zásnubný prsteň je diamantový a Santa Claus červený?
Saved in:
| Main Author: | |
|---|---|
| Other Authors: | |
| Format: | Book |
| Language: | Slovak |
| Published: |
[Bratislava]
Floating Minds
2023
|
| Edition: | 1. vydanie |
| Subjects: | |
| Tags: |
No Tags, Be the first to tag this record!
|
MARC
| LEADER | 00000nam a2200000 4500 | ||
|---|---|---|---|
| 001 | 0308924 | ||
| 005 | 20250709133901.6 | ||
| 020 | |a 978-80-974659-0-2 | ||
| 041 | 0 | |a slo | |
| 044 | |a SK | ||
| 245 | 1 | 0 | |a Neznáme príbehy úspešných značiek |b prečo chodíme denne 10 000 krokov, zásnubný prsteň je diamantový a Santa Claus červený? |c Filip Kuna, Lenka Pavlík Káčerová |
| 250 | |a 1. vydanie | ||
| 264 | 1 | |a [Bratislava] |b Floating Minds |c 2023 | |
| 300 | |a 187 s. | ||
| 610 | 2 | 0 | |a značky |
| 610 | 2 | 0 | |a marketing |
| 610 | 2 | 0 | |a kampane reklamné |
| 610 | 2 | 0 | |a reklama |
| 100 | 1 | |a Kuna, Filip | |
| 700 | 1 | |a Pavlík Káčerová, Lenka | |